000 00770nam a22001815i 4500
001 166817
003 ES-MaACL
005 20230906213416.0
008 030116s1877 sp |||| | spa d
040 _aCCPB | B
_bspa
_cCCPB | B
100 1 _aUstáriz y Escribano, José.
_9112318
245 1 0 _aDiscurso leido en la Academia Médico-Quirúrgica Española /
_cpor el secretario general Jose Ustariz y Escribano.
260 _aMadrid :
_b[s.n.],
_c1877 (
_fimprenta de Enrique Teodoro)
300 _a18 p. ;
_c22 cm.
710 0 _aAcademia Médico-Quirúrgica Española.
_91209
852 _aES-MaACL
_jT-317-F-2
_z-- Enc. hol.
_z-- Enc. en un vol. facticio
852 _aES-MaACL
_jT-377-F-18
_z-- Enc. hol.
_z-- Enc. en un vol. facticio
_z.- Firma ms. de G. Saenz Diez
999 _c166817
_d166817